The hunter short base (Record no. 113195)

MARC details
000 -LEADER
fixed length control field 00590cam a22002055a 4500
001 - CONTROL NUMBER
control field L154849
008 - FIXED-LENGTH DATA ELEMENTS--GENERAL INFORMATION
fixed length control field 120124s1931 xxk f 000 0 eng d
035 ## - SYSTEM CONTROL NUMBER
System control number (Sirsi) u154849
041 0# - LANGUAGE CODE
Language code of text/sound track or separate title eng
110 2# - MAIN ENTRY--CORPORATE NAME
Corporate name or jurisdiction name as entry element Survey of India
9 (RLIN) 2931
245 04 - TITLE STATEMENT
Title The hunter short base
250 ## - EDITION STATEMENT
Edition statement 2nd ed.
260 ## - PUBLICATION, DISTRIBUTION, ETC.
Place of publication, distribution, etc. Dehra Dun (India)
Name of publisher, distributor, etc. Survey of India
Date of publication, distribution, etc. 1931
300 ## - PHYSICAL DESCRIPTION
Extent v, 9p.
Other physical details ill.
Dimensions 28cm.
490 #0 - SERIES STATEMENT
Series statement Survey of India
Volume/sequential designation Departmental Paper no. 10
520 ## - SUMMARY, ETC.
Summary, etc. Describes the Hunter Short Base and its use in surveying.
651 #4 - SUBJECT ADDED ENTRY--GEOGRAPHIC NAME
Geographic name International
690 ## - LOCAL SUBJECT ADDED ENTRY--TOPICAL TERM (OCLC, RLIN)
Topical term or geographic name as entry element Measurement
9 (RLIN) 6256
942 ## - ADDED ENTRY ELEMENTS (KOHA)
Suppress in OPAC 0
Holdings
Withdrawn status Lost status Source of classification or shelving scheme Damaged status Not for loan Home library Current library Shelving location Date acquired Total Checkouts Full call number Barcode Date last seen Copy number Price effective from Koha item type
    Dewey Decimal Classification     London London Basement 24/01/2012   RESERVE 30013838 06/08/2019 1 06/08/2019 Book